|
|
|
|
| LEADER |
02604nam a22005535i 4500 |
| 001 |
978-3-642-25405-5 |
| 003 |
DE-He213 |
| 005 |
20170112033748.0 |
| 007 |
cr nn 008mamaa |
| 008 |
111124s2011 gw | s |||| 0|eng d |
| 020 |
|
|
|a 9783642254055
|9 978-3-642-25405-5
|
| 024 |
7 |
|
|a 10.1007/978-3-642-25405-5
|2 doi
|
| 040 |
|
|
|d GrThAP
|
| 050 |
|
4 |
|a QA76.9.A25
|
| 072 |
|
7 |
|a URY
|2 bicssc
|
| 072 |
|
7 |
|a COM053000
|2 bisacsh
|
| 082 |
0 |
4 |
|a 005.82
|2 23
|
| 245 |
1 |
0 |
|a Post-Quantum Cryptography
|h [electronic resource] :
|b 4th International Workshop, PQCrypto 2011, Taipei, Taiwan, November 29 – December 2, 2011. Proceedings /
|c edited by Bo-Yin Yang.
|
| 264 |
|
1 |
|a Berlin, Heidelberg :
|b Springer Berlin Heidelberg :
|b Imprint: Springer,
|c 2011.
|
| 300 |
|
|
|a X, 295 p. 30 illus.
|b online resource.
|
| 336 |
|
|
|a text
|b txt
|2 rdacontent
|
| 337 |
|
|
|a computer
|b c
|2 rdamedia
|
| 338 |
|
|
|a online resource
|b cr
|2 rdacarrier
|
| 347 |
|
|
|a text file
|b PDF
|2 rda
|
| 490 |
1 |
|
|a Lecture Notes in Computer Science,
|x 0302-9743 ;
|v 7071
|
| 520 |
|
|
|a This book constitutes the refereed proceedings of the 4th International Workshop on Post-Quantum Cryptography, PQCrypto 2011, held in Taipei, Taiwan, in November/December 2011. The 18 revised full papers presented were carefully reviewed and selected from 38 submissions. The papers cover a wide range of topics in the field of post-quantum public key cryptosystems such as cryptosystems that have the potential to resist possible future quantum computers, classical and quantum attacks, and security models for the post-quantum era.
|
| 650 |
|
0 |
|a Computer science.
|
| 650 |
|
0 |
|a Computer communication systems.
|
| 650 |
|
0 |
|a Computer security.
|
| 650 |
|
0 |
|a Data encryption (Computer science).
|
| 650 |
|
0 |
|a Algorithms.
|
| 650 |
|
0 |
|a Computer science
|x Mathematics.
|
| 650 |
|
0 |
|a Management information systems.
|
| 650 |
1 |
4 |
|a Computer Science.
|
| 650 |
2 |
4 |
|a Data Encryption.
|
| 650 |
2 |
4 |
|a Computer Communication Networks.
|
| 650 |
2 |
4 |
|a Management of Computing and Information Systems.
|
| 650 |
2 |
4 |
|a Algorithm Analysis and Problem Complexity.
|
| 650 |
2 |
4 |
|a Systems and Data Security.
|
| 650 |
2 |
4 |
|a Discrete Mathematics in Computer Science.
|
| 700 |
1 |
|
|a Yang, Bo-Yin.
|e editor.
|
| 710 |
2 |
|
|a SpringerLink (Online service)
|
| 773 |
0 |
|
|t Springer eBooks
|
| 776 |
0 |
8 |
|i Printed edition:
|z 9783642254048
|
| 830 |
|
0 |
|a Lecture Notes in Computer Science,
|x 0302-9743 ;
|v 7071
|
| 856 |
4 |
0 |
|u http://dx.doi.org/10.1007/978-3-642-25405-5
|z Full Text via HEAL-Link
|
| 912 |
|
|
|a ZDB-2-SCS
|
| 912 |
|
|
|a ZDB-2-LNC
|
| 950 |
|
|
|a Computer Science (Springer-11645)
|